| 000 | 00528nam a2200157 4500 | ||
|---|---|---|---|
| 001 | 126694 | ||
| 003 | ES-MaACL | ||
| 005 | 20230906192849.0 | ||
| 007 | t| | ||
| 008 | 070214s1984 sp r ||||1| spa d | ||
| 110 | 2 |
_aMuseo de Bellas Artes de Asturias. _95843 |
|
| 245 | 1 | 3 |
_aLa restauración en el Museo de Bellas Artes de Asturias _b: exposición : [Oviedo] diciembre 1983-enero 1984. |
| 260 |
_aOviedo : _b[s. n.], _c1984 ( _fImp. Mercantil) |
||
| 300 |
_a13 h. : _bil. ; _c25 cm. |
||
| 852 |
_aES-MaACL _j2133-F-12 _bR.106208 |
||
| 999 |
_c126694 _d126694 |
||